| 000 | 00544nam a2200157 a 4500 | ||
|---|---|---|---|
| 001 | 000026693 | ||
| 005 | 20200930030346.0 | ||
| 008 | 110324s1958 dr 000 0 spa d | ||
| 040 |
_aDO-SdBNP _bspa _cBNPHU |
||
| 082 |
_axxxx _bS211t |
||
| 100 | 1 |
_aSánchez Cabral, Eduardo _917412 |
|
| 245 | 1 | 3 |
_aLa trascendencia de un homenaje. La obra de un héroe. La responsabilidad de una clase / _cEduardo Sánchez Cabral. |
| 260 |
_aCiudad Trujillo, República Dominicana : _bImpresora Dominicana, _c1958. |
||
| 300 |
_a21 cm. ; _c24 cm. |
||
| 049 | _aBNPD | ||
| 999 |
_c26185 _d26185 |
||